Alteraciones de la lengua escrita y remedios
Enregistré dans:
| Auteur principal: | |
|---|---|
| Format: | Livre |
| Langue: | espagnol |
| Publié: |
Barcelona
Fontanella
1974
|
| Collection: | Educación, 22
|
| Sujets: | |
| Tags: |
Ajouter un tag
Pas de tags, Soyez le premier à ajouter un tag!
|
MARC
| LEADER | 00000nam a2200000 a 4500 | ||
|---|---|---|---|
| 001 | UCZ0732 | ||
| 003 | CL-VaPUC | ||
| 008 | 950809e19741000SP |||||||||||||||||spa|d | ||
| 082 | 0 | 4 | |a 371.914 |b LOB |2 21 |
| 100 | |a Lobrot, Michel |e autor |9 308350 | ||
| 245 | 1 | 0 | |a Alteraciones de la lengua escrita y remedios |
| 300 | |a 288 p | ||
| 942 | |c BK | ||
| 945 | |d 19950809 00:00:00 |a cmena | ||
| 260 | |a Barcelona |b Fontanella |c 1974 | ||
| 650 | 0 | |a Dislexia |9 307487 | |
| 650 | 0 | |a Escritura |9 264941 | |
| 650 | 0 | |a Métodos de enseñanza |9 270413 | |
| 650 | 0 | |a Aspectos psicológicos |9 258128 | |
| 650 | 7 | |a PROBLEMAS DE LECTURA |2 CL-VaPUC |9 341778 | |
| 650 | 7 | |a ENFERMEDADES DEL SISTEMA SENSORIAL |2 CL-VaPUC |9 334739 | |
| 650 | 7 | |a DISLEXICOS |2 CL-VaPUC |9 343911 | |
| 650 | 0 | |a Psicolingüística |9 283371 | |
| 650 | 0 | |a Trastornos de la personalidad |9 307698 | |
| 650 | 7 | |a ENSEÑANZA CORRECTIVA |2 CL-VaPUC |9 310280 | |
| 583 | |a last modification |c 19950809 00:00:00 |k Rodrigo Vera | ||
| 490 | 0 | |a Educación, 22 | |
| 999 | |c 237640 |d 237638 | ||
| 952 | |0 0 |1 0 |4 0 |6 371_914000000000000_LOB_1974 |7 0 |8 P |9 247092 |a BIBEDU |b BIBEDU |c BIBEDU_PB |d 2019-11-18 |i 1552805 |o 371.914 LOB 1974 |p 1552805 |r 2024-01-25 |w 2019-11-18 |y BK |k EDU | ||